La République de l'Uruguay á l'exposition universelle de Paris 1889 / (Record no. 164031)

MARC details
000 -LEADER
campo de control de longitud fija 00747nam a22001815i 4500
001 - NÚMERO DE CONTROL
campo de control 164031
003 - IDENTIFICADOR DE NÚMERO DE CONTROL
campo de control ES-MaACL
005 - FECHA Y HORA DE LA ÚLTIMA TRANSACCIÓN
campo de control 20230906212847.0
008 - DATOS DE LONGITUD FIJA--INFORMACIÓN GENERAL
campo de control de longitud fija 050818s1889 uy b | |||||||| ||spa d
040 ## - FUENTE DE CATALOGACIÓN
Centro catalogador/agencia de origen CAM
Lengua de catalogación spa
Centro/agencia transcriptor CAM
100 1# - ENTRADA PRINCIPAL--NOMBRE DE PERSONA
Nombre de persona Roustan, Honoré.
9 (RLIN) 132115
245 13 - MENCIÓN DEL TÍTULO
Título La République de l'Uruguay á l'exposition universelle de Paris 1889 /
Mención de responsabilidad, etc. par Honoré Roustan.
260 ## - PUBLICACIÓN, DISTRIBUCIÓN, ETC.
Lugar de publicación, distribución, etc. Montevideo :
Nombre del editor, distribuidor, etc. [s.n.],
Fecha de publicación, distribución, etc. 1889 (
Fabricante Tipografía á vapor de "El Siglo", calle 25 de mayo, nº 58)
300 ## - DESCRIPCIÓN FÍSICA
Extensión XIV, 110 p., [1] h. de map. pleg.
599 ## - NOTA A LAS ILUSTRACIONES
NOTA A LAS ILUSTRACIONES La h. de map. pleg.: Uruguay.
711 2# - ENTRADA AGREGADA--NOMBRE DE REUNIÓN
Nombre de congreso/reunión o jurisdicción como elemento de entrada Exposición Universal (
Fecha del congreso o de la firma del tratado 1889.
Sede del congreso/Lugar de la reunión París)
9 (RLIN) 135154
852 ## - LOCALIZACIÓN
Ubicación ES-MaACL
Número de control de estantería T-786-F-3
Nota libre -- Enc. hol., conservando la enc. original
-- -- Enc. en un vol. facticio
Holdings
Estatus retirado Estado de pérdida Estado de daño No para préstamo Colección Biblioteca de origen Biblioteca actual Ubicación en estantería Fecha de adquisición Total de préstamos Signatura topográfica completa Código de barras Visto por última vez Precio de reemplazo Tipo de ítem Koha
        Colección de folletos Biblioteca del Ateneo de Madrid Biblioteca del Ateneo de Madrid Depósito folletos 17/01/2008   T-786-F-3 1171914 23/02/2023 23/02/2023 Folleto